ՀՀ Գիտությունների ազգային ակադեմիայի հիմնարար գիտական գրադարան  =   Fundamental Scientific Library of NAS RA

Սիրակարկաջ : (Record no. 222851)

MARC details
000 -LEADER
fixed length control field 00868nam a2200217 a 4500
003 - CONTROL NUMBER IDENTIFIER
control field AM-YeHGA
005 - DATE AND TIME OF LATEST TRANSACTION
control field 20250618073314.0
008 - FIXED-LENGTH DATA ELEMENTS--GENERAL INFORMATION
fixed length control field 080207s1830 ii |||||r|||||||||0|arm|d
040 ## - CATALOGING SOURCE
Original cataloging agency AM-YeHGA
041 0# - LANGUAGE CODE
Language code of text/sound track or separate title arm
090 ## - LOCALLY ASSIGNED LC-TYPE CALL NUMBER (OCLC); LOCAL CALL NUMBER (RLIN)
-- 224386
100 0# - MAIN ENTRY--PERSONAL NAME
Personal name Աւետեանց Ստեփաննոս
245 10 - TITLE STATEMENT
Title Սիրակարկաջ :
Remainder of title Որ է Հանդիսարան Հայերէն, Պարսերէն, եւ Հնդստանցերէն երգոց /
Statement of responsibility, etc. Հաւաքեալ աշխատասիրութեամբ Ստեփաննոսի Ջնթլումեան Աւետեանց.
260 ## - PUBLICATION, DISTRIBUTION, ETC.
Place of publication, distribution, etc. Կալկաթա :
Name of publisher, distributor, etc. Ա. հ,
Date of publication, distribution, etc. 1830.
300 ## - PHYSICAL DESCRIPTION
Extent 128 էջ ;
Dimensions 16.5 սմ.
500 ## - GENERAL NOTE
General note Շարվ. 8x13,5 սմ։
546 ## - LANGUAGE NOTE
Language note Գրաբար
650 14 - SUBJECT ADDED ENTRY--TOPICAL TERM
Topical term or geographic name entry element Երգարան
9 (RLIN) 4590
856 41 - ELECTRONIC LOCATION AND ACCESS
Uniform Resource Identifier <a href="http://greenstone.flib.sci.am/gsdl/collect/armbook/books/sirakarg.pdf">http://greenstone.flib.sci.am/gsdl/collect/armbook/books/sirakarg.pdf</a>
Link text Կարդալ առցանց
942 ## - ADDED ENTRY ELEMENTS (KOHA)
Source of classification or shelving scheme Universal Decimal Classification
Koha item type Գրքեր / Books
Holdings
Withdrawn status Lost status Source of classification or shelving scheme Damaged status Not for loan Collection Home library Current library Date acquired Total checkouts Full call number Barcode Date last seen Price effective from Koha item type Public note
    Universal Decimal Classification     Rare Books Collection Fundamental Scientific Library Fundamental Scientific Library 28/12/2016   A/272 FL0031431 28/12/2016 28/12/2016 Գրքեր / Books ILL Non-Circ.


ՀՀ ԳԱԱ հիմնարար գիտական գրադարան
ՀՀ,Երևան 0019
Մարշալ Բաղրամյան 24/6
հեռախոս:(374-10) 52-47-50
Հետադարձ կապ

All site content, except where otherwise noted, is licensed under a
Creative Commons License